[Event "TCh-CRO 2a Liga 2013"]
[Site "Bol CRO"]
[Date "2013.09.14"]
[Round "1.5"]
[White "Pezelj,S"]
[Black "Vukelic,T"]
[Result "0-1"]
[WhiteElo "2218"]
[BlackElo "2166"]

1.Nf3 d5 2.c4 c6 3.d4 Nf6 4.Nc3 e6 5.Bg5 Nbd7 6.e3 Be7 7.cxd5 exd5 8.Bd3 Ne4
9.Bxe4 Bxg5 10.Nxg5 Qxg5 11.h4 Qe7 12.Bf3 Nb6 13.Qc2 Be6 14.a4 a5 15.O-O Qxh4
16.b4 axb4 17.Rfb1 Qe7 18.Ne2 Nc4 19.Qd1 Bf5 20.Rc1 O-O 21.Ng3 Bg6 22.Be2 Na5
23.e4 dxe4 24.Rc5 Rfd8 25.Rac1 Qd6 26.d5 cxd5 27.Bb5 e3 28.Ne2 exf2+ 29.Kxf2 b3
30.Qd4 Qf6+ 31.Qxf6 gxf6 32.Rd1 Bc2 33.Rd4 b2 34.Rb4 b1=Q 35.Rxb1 Bxb1 36.Nf4 Bg6
37.Bd3 Bxd3  0-1

[Event "TCh-POL Ekstraliga 2013"]
[Site "Katowice POL"]
[Date "2013.09.14"]
[Round "8.2"]
[White "Fraczek,Dan"]
[Black "Drozdowski,K"]
[Result "1/2-1/2"]
[WhiteElo "2418"]
[BlackElo "2435"]

1.Nf3 d5 2.c4 e6 3.g3 Nf6 4.Bg2 dxc4 5.Qa4+ c6 6.Qxc4 b5 7.Qb3 Bb7 8.O-O Nbd7
9.Nc3 a6 10.d3 Be7 11.a4 O-O 12.Bf4 b4 13.Nb1 Nd5 14.Bc1 a5 15.Nbd2 N5b6
16.Qc2 c5 17.Nc4 h6 18.Rd1 Bc6 19.Be3 Nd5 20.Bd2 Qb8 21.e4 N5b6 22.b3 Nxc4
23.Qxc4 Rc8 24.Rac1 Qb7 25.Bf4 Bf6 26.Qc2 Bc3 27.Bd2 c4 28.Bxc3 cxb3 29.Qxb3 bxc3
30.Qa3 Qb4 31.Qxc3 Bxa4 32.Qxc8+ Rxc8 33.Rxc8+ Kh7 34.Rdc1 Bb5 35.d4 a4 36.d5 a3
37.R8c2 Bd3 38.Ra2 Bc4 39.Rxa3 Qxa3 40.Rxc4 Qa1+ 41.Bf1 exd5 42.exd5 Qd1
43.Rc3 Qxd5 44.Bc4 Qd6 45.Rd3 Qe7 46.Re3 Qf6 47.Kg2 g6 48.h3 Kg7 49.Rd3 Nc5
50.Re3 Qd6 51.Re2 f5 52.Rd2 Qb6 53.Bd5 g5 54.Ra2 Nd7 55.Nh2 Nf6 56.Bf3 h5
57.Nf1 g4 58.hxg4 hxg4 59.Ba8 f4 60.gxf4 Nh5 61.Ra4 Qc7 62.Ng3 Nxg3  1/2-1/2

[Event "TCh-POL Ekstraliga 2013"]
[Site "Katowice POL"]
[Date "2013.09.14"]
[Round "8.2"]
[White "Czarnota,D"]
[Black "Szczepkowska Horowska,K"]
[Result "1-0"]
[WhiteElo "2210"]
[BlackElo "2376"]

1.Nf3 d5 2.c4 e6 3.d4 c5 4.cxd5 exd5 5.g3 Nc6 6.Bg2 Nf6 7.O-O Be7 8.Nc3 O-O
9.dxc5 Bxc5 10.Na4 Be7 11.Be3 Ne4 12.Rc1 Bf6 13.Nd4 Bd7 14.Nc5 Nxd4 15.Bxd4 Bc6
16.e3 Re8 17.Qd3 Qe7 18.Rfd1 h6 19.b4 a6 20.Qb3 Bxd4 21.Rxd4 Qf6 22.Rc2 Ng5
23.a4 Ne6 24.Rd1 Red8 25.h4 Nxc5 26.Rxc5 d4 27.Bxc6 dxe3 28.Rxd8+ Rxd8 29.Qxe3 bxc6
30.Kg2 Qa1 31.a5 Rd1 32.Qe8+ Kh7 33.Qe4+ g6 34.Rxc6 Rh1 35.Qd5 Kg7 36.Rc7 Qf1+
37.Kf3 Qd1+ 38.Qxd1 Rxd1 39.Rc6 Rb1 40.Rb6 Rb2 41.Ke3 h5 42.Kd4 Rd2+ 43.Kc5 Rc2+
44.Kd5 Rb2 45.f3 Rb3 46.Kc4 Rxf3 47.Rxa6 Rxg3 48.b5 Rg1 49.Rd6 g5 50.hxg5 Rc1+
51.Kb4 Rb1+ 52.Kc5 Rc1+ 53.Kb6 h4 54.Rh6  1-0

[Event "Linares Femenin Int 2013"]
[Site "Linares ESP"]
[Date "2013.09.14"]
[Round "9.2"]
[White "Guramishvili,S"]
[Black "Hernandez Estevez,Y"]
[Result "1-0"]
[WhiteElo "2431"]
[BlackElo "2248"]

1.Nf3 d5 2.c4 c6 3.e3 Nf6 4.Qc2 a6 5.b3 Bg4 6.Be2 Nbd7 7.Bb2 e6 8.h3 Bh5
9.Nc3 Nc5 10.Ne5 Bxe2 11.Nxe2 Be7 12.d4 Ncd7 13.O-O O-O 14.Ng3 Nxe5 15.dxe5 Nd7
16.Rac1 f6 17.exf6 Nxf6 18.Kh1 Rf7 19.Bd4 Nd7 20.b4 Bh4 21.Ne2 e5 22.Bb2 h6
23.Kg1 Be7 24.Nc3  1-0

[Event "TCh-POL Ekstraliga 2013"]
[Site "Katowice POL"]
[Date "2013.09.15"]
[Round "9.4"]
[White "Lubczynski,R"]
[Black "Czarnota,P"]
[Result "1-0"]
[WhiteElo "2419"]
[BlackElo "2538"]

1.Nf3 d5 2.c4 d4 3.e3 c5 4.b4 dxe3 5.fxe3 cxb4 6.d4 e5 7.Nxe5 Qh4+ 8.g3 Qe4
9.Rg1 Qf5 10.Bg2 Nf6 11.Rf1 Qe6 12.Qa4+ Nbd7 13.Rxf6 gxf6 14.Bd5 Qh3 15.Nxf7 Rg8
16.Qc2 Qg4 17.c5 Rg7 18.Nh6 Qh5 19.Nf5 Rg6 20.e4 Bxc5 21.dxc5 Ne5 22.Qe2 Nf3+
23.Kd1 Bd7 24.Nd2 Ba4+ 25.Bb3 Bxb3+ 26.axb3 O-O-O 27.Nd6+ Kb8 28.Qxf3 Qxc5
29.N6c4 b5 30.Qf4+ Ka8 31.Qe3 Qh5+ 32.Kc2 Rg7 33.Ra5 Rc7 34.Qb6 Rdd7 35.Rxb5 Qe8
36.Qa5 Qd8 37.Kb1 Rxd2 38.Nb6+  1-0

[Event "1st League Cent-SRB 2013"]
[Site "Kragujevac SRB"]
[Date "2013.09.15"]
[Round "2.1"]
[White "Mista,A"]
[Black "Atalik,S"]
[Result "1/2-1/2"]
[WhiteElo "2582"]
[BlackElo "2566"]

1.Nf3 d5 2.c4 c6 3.e3 Nf6 4.Nc3 a6 5.Qc2 g6 6.b3 Bg7 7.d4 Bf5 8.Bd3 Bxd3
9.Qxd3 O-O 10.O-O e6 11.e4 dxe4 12.Nxe4 Nxe4 13.Qxe4 Nd7 14.Bf4 Qa5 15.Qe1 Qf5
16.Bd6 Rfe8 17.Ne5 Rad8 18.c5 Nf6 19.Qb4 Ne4 20.Bc7 Rc8 21.Qxb7 Nxc5 22.dxc5 Bxe5
23.Bxe5 Qxe5 24.Rac1 a5 25.Rfd1 Qb2 26.a4 Red8 27.g3 Kg7 28.Kg2 e5 29.Rxd8 Rxd8
30.Rf1 Rd5 31.Qxc6 Qd4 32.Qb6 Rxc5 33.Rd1 Qe4+ 34.Kg1 Qc2 35.Re1 Rd5 36.Qe3 h5
37.h4 Rc5 38.Kg2 Rd5 39.Rc1 Qd3 40.Qxd3 Rxd3 41.Rc5 e4 42.Rxa5  1/2-1/2

[Event "1st League Cent-SRB 2013"]
[Site "Kragujevac SRB"]
[Date "2013.09.15"]
[Round "2.4"]
[White "Cabrilo,G"]
[Black "Radibratovic,P"]
[Result "1-0"]
[WhiteElo "2388"]
[BlackElo "2362"]

1.Nf3 d5 2.c4 c6 3.e3 Nf6 4.Nc3 g6 5.d4 Bg7 6.Be2 O-O 7.O-O Bg4 8.cxd5 cxd5
9.Qb3 b6 10.h3 Bc8 11.Bd2 Bb7 12.Rfc1 Ne4 13.Be1 e6 14.Nxe4 dxe4 15.Ne5 Bd5
16.Bc4 Bxc4 17.Qxc4 Nd7 18.Nc6 Qg5 19.Qc2 Nf6 20.Bb4 Rfe8 21.Be7 Qf5 22.Bxf6 Bxf6
23.Qb3 g5 24.Qd1 Kg7 25.Rc3 Rec8 26.Rac1 Rc7 27.a4 Rd7 28.Qe2 Rh8 29.Qg4 Qg6
30.Qg3 Qf5 31.f4 exf3 32.Rf1 Rd5 33.Rxf3 Qg6 34.Qf2 Rf5 35.e4 Rxf3 36.Qxf3 h5
37.e5 Bd8 38.Qd3 Qxd3 39.Rxd3 Re8 40.Nxa7 Re7 41.Nc6 Rd7 42.Nxd8 Rxd8 43.b4 Ra8
44.Ra3 Rd8 45.a5 bxa5 46.bxa5 Rxd4 47.a6 Rd8 48.a7 Ra8 49.Kf2 f6 50.exf6+ Kxf6
51.Ke3 Kf5 52.Ra5+ e5 53.g3  1-0

[Event "XV Villa Martelli ITT"]
[Site "Villa Martelli ARG"]
[Date "2013.09.15"]
[Round "1.2"]
[White "Diaz Hollemaert,N"]
[Black "Bulcourf,C"]
[Result "1-0"]
[WhiteElo "2428"]
[BlackElo "2056"]

1.Nf3 d5 2.c4 c6 3.e3 Bf5 4.cxd5 Bxb1 5.Rxb1 Qxd5 6.Qc2 e6 7.b4 Nd7 8.Bc4 Qh5
9.d4 Qg6 10.Qxg6 hxg6 11.Ke2 Ngf6 12.Bd2 Bd6 13.Ng5 Nb6 14.Bb3 Nfd5 15.a3 Be7
16.h4 Nc7 17.a4 Nbd5 18.Ba2 f6 19.Nf3 Kd7 20.Rhc1 Bd6 21.e4 Nf4+ 22.Kf1 g5
23.g3 Nd3 24.Rd1 gxh4 25.Ke2 Nxf2 26.Kxf2 hxg3+ 27.Kg2 g5 28.e5 g4 29.exd6 gxf3+
30.Kxf3 Nd5 31.Bxd5 cxd5 32.Bf4 Rac8 33.Rbc1 Rc4 34.Rxc4 dxc4 35.Bxg3 Kc6
36.Ke4 Rh5 37.b5+ Kd7 38.Rc1 Rg5 39.Bf4 Rd5 40.Rxc4 a6 41.Rc7+ Kd8 42.Rxb7 axb5
43.Rxb5 f5+ 44.Kd3 Kd7 45.Rxd5 exd5 46.a5  1-0

[Event "Faergen Cup 2013"]
[Site "Allinge DEN"]
[Date "2013.09.16"]
[Round "9.10"]
[White "Gromark,Per-Olof"]
[Black "Bjorgvik,J"]
[Result "1/2-1/2"]
[WhiteElo "2118"]
[BlackElo "1840"]

1.Nf3 d5 2.c4 e6 3.g3 Nf6 4.Bg2 Be7 5.O-O O-O 6.b3 c6 7.Bb2 Nbd7 8.Qc2 Qc7
9.d4 h6 10.Nbd2 b6 11.e4 dxe4 12.Nxe4 Nxe4 13.Qxe4 Bb7 14.Ne5 Nxe5 15.dxe5 Rab8
16.Qg4 c5 17.Bxb7 Qxb7 18.Rad1 Rfd8 19.f4 Qe4 20.Rde1 Qc2 21.Rf2 Rd2 22.Rxd2 Qxd2
23.Re2 Qd1+ 24.Kf2 Rd8 25.f5 exf5 26.Qxf5 Rd2 27.Qe4 Rxe2+ 28.Qxe2 Qh1 29.h4 Qh2+
30.Kf3 Qxe2+ 31.Kxe2 Kf8 32.Kd3 Ke8 33.Ke4 Kd7 34.Kd5 g6 35.Bc1 Bf8 36.Bd2 h5
37.a3 a5 38.Bg5 Bg7 39.Be3 Bf8 40.Bd2 Be7 41.Bh6 Bd8 42.Bg5 Bc7 43.Bf6 Bb8
44.Bg5 Bc7 45.Bd2 Bd8 46.b4 axb4 47.axb4 cxb4 48.Bxb4 g5 49.hxg5 Bxg5 50.Bd6 Be3
51.Ke4 Bf2 52.Kf3 Be1 53.Kf4 Ke6 54.Bc7 Bf2 55.Kf3 Bd4 56.Ke4  1/2-1/2

[Event "TCh-CRO 2a Liga 2013"]
[Site "Bol CRO"]
[Date "2013.09.16"]
[Round "3.3"]
[White "Dvirnyy,D"]
[Black "Sprenger,J"]
[Result "1-0"]
[WhiteElo "2554"]
[BlackElo "2497"]

1.Nf3 d5 2.c4 d4 3.g3 Nc6 4.Bg2 g6 5.b4 Bg7 6.b5 d3 7.Nc3 Nb4 8.O-O dxe2
9.Qxe2 Qd3 10.Rb1 Qxe2 11.Nxe2 Nd3 12.Nf4 Bf5 13.Nd5 O-O-O 14.Ba3 e6 15.Ne3 Nf6
16.Ng5 Rd4 17.Nxf7 Re8 18.Ng5 Ne5 19.Bb2 Rdd8 20.Bxe5 Bxb1 21.Rxb1 Rxd2 22.c5 Rxa2
23.b6 axb6 24.cxb6 cxb6 25.Nc4 Re7 26.Nxb6+ Kd8 27.Rc1  1-0

[Event "FSIM Sept 2013"]
[Site "Budapest HUN"]
[Date "2013.09.16"]
[Round "11.2"]
[White "Farago,S"]
[Black "Kojima,S"]
[Result "1-0"]
[WhiteElo "2254"]
[BlackElo "2357"]

1.Nf3 d5 2.c4 c6 3.e3 Nf6 4.Nc3 a6 5.Qb3 g6 6.cxd5 cxd5 7.Ne5 Bg7 8.Qa4+ Nbd7
9.f4 O-O 10.d4 Nb6 11.Qb3 Be6 12.a4 Qc7 13.Bd3 Rac8 14.O-O Nc4 15.Qd1 Qb6
16.Qe2 Nd6 17.a5 Qc7 18.Bd2 Nfe4 19.Rfc1 Nxc3 20.Rxc3 Qb8 21.Rb3 f6 22.Nf3 Qc7
23.h3 Qd7 24.Kh2 Bf5 25.Bb4 Bxd3 26.Qxd3 Rc7 27.Bxd6 Qxd6 28.Rb6 Qd7 29.Qb3 e6
30.Re1 f5 31.Ng5 Re8 32.Re2 Bf6 33.Nf3 Rec8 34.g4 Re8 35.Rg2 Kf7 36.gxf5 gxf5
37.Qd1 Rg8 38.Ng5+ Bxg5 39.Qh5+ Kf8 40.fxg5 Rg6 41.h4 Kg8 42.Qf3 e5 43.Rf6 exd4
44.exd4 Rc4 45.Rxf5 Rxd4 46.Rf2 Rxh4+ 47.Kg3  1-0

[Event "TCh-CRO 2a Liga 2013"]
[Site "Bol CRO"]
[Date "2013.09.18"]
[Round "5.2"]
[White "Dvirnyy,D"]
[Black "Horvath,Cs1"]
[Result "1-0"]
[WhiteElo "2554"]
[BlackElo "2524"]

1.Nf3 d5 2.c4 c6 3.g3 Nf6 4.Bg2 Bg4 5.Ne5 Be6 6.cxd5 Bxd5 7.Nf3 c5 8.Nc3 Bc6
9.O-O e6 10.Re1 Nbd7 11.e4 e5 12.a4 Bd6 13.d3 O-O 14.Nd2 Re8 15.Nc4 Bc7 16.Nd5 Nf8
17.Bg5 Bxd5 18.exd5 h6 19.Bxf6 Qxf6 20.Qb3 Rab8 21.Qb5 Qe7 22.a5 a6 23.Qb3 Nd7
24.Qc3 Rbd8 25.Qb3 Rb8 26.Re2 Nf6 27.Rae1 Qd8 28.Qa3 Nxd5 29.Qxc5 Nf6 30.d4 exd4
31.Rxe8+ Nxe8 32.Rxe8+ Qxe8 33.Qxc7 Rc8 34.Qe5 Qxe5 35.Nxe5 Rc5 36.Nd3 Rxa5
37.Bxb7 Ra1+ 38.Kg2 a5 39.Kf3 a4 40.Ke4 Rb1 41.Bc6 Rxb2 42.Nxb2 a3 43.Bd5 axb2
44.Ba2 g5 45.Kxd4 Kg7 46.Ke5  1-0

[Event "XVII Mercosur Cup 2013"]
[Site "Villa Martelli ARG"]
[Date "2013.09.18"]
[Round "4.2"]
[White "Santiago,Y"]
[Black "Molina,Rob"]
[Result "0-1"]
[WhiteElo "2401"]
[BlackElo "2421"]

1.Nf3 d5 2.c4 c6 3.g3 Nf6 4.Bg2 Bf5 5.O-O e6 6.d4 Nbd7 7.Nc3 h6 8.Nd2 Be7
9.h3 O-O 10.g4 Bh7 11.e4 dxe4 12.Ndxe4 Nxe4 13.Nxe4 Nf6 14.Nc3 Qb6 15.Na4 Qc7
16.Be3 Be4 17.f3 Bh7 18.f4 Rad8 19.Nc3 c5 20.d5 exd5 21.cxd5 c4 22.f5 Bc5
23.Bxc5 Qxc5+ 24.Kh1 b5 25.a3 a5 26.b4 cxb3 27.Qxb3 Rfe8 28.Rac1 Qe3 29.Qxb5 h5
30.Bf3 hxg4 31.hxg4 Rb8 32.Qe2 Qc5 33.Qf2 Qxa3 34.g5 Nd7 35.g6 fxg6 36.fxg6 Bxg6
37.Bg4 Nf8 38.Bf5 Qe7 39.Rce1 Qg5 40.Bxg6 Qxg6 41.Qg2 Rxe1 42.Rxe1 Qf6 43.Qg3 Rb3
44.Re3 a4 45.d6 a3 46.Qg2 Qh6+ 47.Rh3 Qc1+ 48.Kh2 Rb2 49.Ne2 Qd1  0-1

[Event "XV Villa Martelli ITT"]
[Site "Villa Martelli ARG"]
[Date "2013.09.20"]
[Round "6.1"]
[White "Contin,D"]
[Black "Leon,Ju"]
[Result "1-0"]
[WhiteElo "2325"]
[BlackElo "2279"]

1.Nf3 d5 2.c4 c6 3.e3 Nf6 4.d4 Bg4 5.Nc3 e6 6.h3 Bh5 7.Be2 Nbd7 8.O-O Bd6
9.b3 O-O 10.Bb2 Rc8 11.cxd5 exd5 12.Nh4 Bxe2 13.Qxe2 g6 14.g3 Re8 15.Kg2 Qe7
16.Nf3 h5 17.Ng5 Nh7 18.Nxh7 Kxh7 19.Rae1 Nf6 20.g4 Bb4 21.f3 Kg8 22.Qd3 Nh7
23.e4 Qh4 24.e5 Ng5 25.f4 Ne4 26.g5 Bxc3 27.Bxc3 Nxc3 28.Qxc3 Re7 29.Qc5 Ree8
30.b4 Rcd8 31.a4 b6 32.Qc2 a5 33.bxa5 bxa5 34.e6 Rb8 35.Re2 Kg7 36.e7 Kh7
37.Rf3 Rb7 38.Qc5 f6 39.Qd6 fxg5 40.Qf6 Rg8 41.Qf7+ Rg7 42.Qf6 Rg8 43.fxg5 c5
44.Rf4  1-0

[Event "39th National ch-BAN"]
[Site "Dhaka BAN"]
[Date "2013.09.21"]
[Round "1.6"]
[White "Abdulla,AlR"]
[Black "Hasan,Me"]
[Result "1-0"]
[WhiteElo "2510"]
[BlackElo "2240"]

1.Nf3 d5 2.c4 e6 3.d4 Nf6 4.Nc3 Bb4 5.Qa4+ Nc6 6.Bg5 h6 7.Bxf6 Qxf6 8.e3 O-O
9.Be2 a6 10.Qb3 dxc4 11.Qxc4 Qe7 12.O-O Re8 13.Rac1 Rb8 14.Ne4 Bd6 15.Rfd1 Bd7
16.a3 Rec8 17.Qc3 Na7 18.Ne5 Ba4 19.Rd2 Bxe5 20.dxe5 Bc6 21.Ng3 Rd8 22.Rd4 Rxd4
23.Qxd4 Nb5 24.Qg4 Rd8 25.h4 f5 26.exf6 Qxf6 27.Rc2 Rd7 28.Bc4 Re7 29.Nh5 Qf7
30.Nf4 Bd7 31.Ng6 Re8 32.Ne5 Qe7 33.Bd3 Rd8 34.a4  1-0

[Event "TCh-FIN SM 2013-14"]
[Site "Jyvaskyla FIN"]
[Date "2013.09.21"]
[Round "1.1"]
[White "Kiik,K"]
[Black "Neiksans,A"]
[Result "0-1"]
[WhiteElo "2455"]
[BlackElo "2551"]

1.Nf3 d5 2.c4 d4 3.e3 Nc6 4.exd4 Nxd4 5.Nxd4 Qxd4 6.Nc3 e5 7.d3 Nf6 8.Be3 Qd8
9.Be2 Be7 10.O-O O-O 11.Re1 c6 12.Bf3 Be6 13.Bg5 Nd7 14.Bxe7 Qxe7 15.Qe2 Rad8
16.Rad1 Nc5 17.Qe3 a5 18.b3 Rfe8 19.Ne4 Na6 20.Rd2 Rd4 21.Ng3 f6 22.Ne2 Rd7
23.d4 Bf7 24.d5 cxd5 25.Bxd5 Bxd5 26.cxd5 Red8 27.Red1 Qc5 28.Nc3 Qxe3 29.fxe3 Nc5
30.d6 Kf7 31.Rd5 b6 32.Nb5 Ne4 33.Kf1 Rc8 34.a4 Rc2 35.R5d3 Nc5 36.Rc3 Rxc3
37.Nxc3 Nxb3 38.Nb5 Nc5 39.Rc1 Ke6 40.Rc4 Kd5 41.Rc2 Nxa4 42.e4+ Ke6 43.Rc6 Nc5
44.Nc7+ Kf7 45.Rxb6 Nxe4 46.Nb5 a4 47.Ke2 a3  0-1

[Event "TCh-BEL 2013-14"]
[Site "Belgium BEL"]
[Date "2013.09.22"]
[Round "1.6"]
[White "Roeder,M"]
[Black "Hommerson,P"]
[Result "1-0"]
[WhiteElo "2412"]
[BlackElo "2248"]

1.Nf3 d5 2.c4 e6 3.g3 Nf6 4.Bg2 Bd6 5.d4 Nbd7 6.Nc3 c6 7.Nd2 O-O 8.O-O Re8
9.e4 dxe4 10.Ndxe4 Nxe4 11.Nxe4 Be7 12.Bf4 Nf6 13.Nc3 Bd6 14.Be5 Bc7 15.Re1 Nd7
16.Bxc7 Qxc7 17.d5 cxd5 18.cxd5 Nf6 19.Qb3 Bd7 20.Rad1 exd5 21.Nxd5 Nxd5
22.Bxd5 Bc6 23.Qc3 h6 24.Bxc6 Qxc6 25.Qxc6 bxc6 26.Kf1 Rxe1+ 27.Kxe1 Rb8
28.b3 Rb6 29.Rd8+ Kh7 30.Kd2 Kg6 31.Kc3 h5 32.Kc4 a5 33.Kc5 Rb5+ 34.Kxc6 Re5
35.Rd5 Re2 36.Rxa5 Rxf2 37.b4 Rxh2 38.b5 Rc2+ 39.Kb7 Kg5 40.b6+ Kg4 41.Ra3 g5
42.Ka7 f5 43.b7 Rc7 44.Kb6 Rxb7+ 45.Kxb7 f4 46.gxf4 Kxf4 47.Rh3 h4 48.a4 Kg4
49.Rh1  1-0

[Event "TCh-Moscow GpA 2013"]
[Site "Moscow RUS"]
[Date "2013.09.22"]
[Round "3.1"]
[White "Akhmetov,Ar"]
[Black "Seliverstov,Vl"]
[Result "1/2-1/2"]
[WhiteElo "2479"]
[BlackElo "2433"]

1.Nf3 d5 2.c4 c6 3.e3 Nf6 4.Nc3 g6 5.d4 Bg7 6.Bd3 O-O 7.O-O c5 8.dxc5 dxc4
9.Bxc4 Qa5 10.Na4 Bd7 11.Bb3 Bxa4 12.Bxa4 Qxc5 13.Bd2 Ne4 14.Rc1 Qb6 15.Rc4 Nxd2
16.Qxd2 Rd8 17.Qc2 Na6 18.Bb3 Nb4 19.Qe4 Nc6 20.h4 Na5 21.Rb4 Qd6 22.Rd1 Qc5
23.Rd5 Rxd5 24.Bxd5 Rd8 25.Bxb7 Rd1+ 26.Kh2 Qd6+ 27.g3 f5 28.Qc2 Qxb4 29.Qc8+ Bf8
30.Qe6+ Kg7 31.Bd5 Rxd5 32.Ng5 Kh6 33.Qg8 Kh5 34.Qxd5 Qxb2 35.Qf3+ Kh6 36.Ne6 Qb8
37.Nxf8 Nc4  1/2-1/2

[Event "XXI Vallfogona Rapid Open"]
[Site "Vallfogona de Balaguer ESP"]
[Date "2013.09.22"]
[Round "7.6"]
[White "Sanchez Ibern,M"]
[Black "Serrano Aspa,P"]
[Result "1-0"]
[WhiteElo "2398"]
[BlackElo "2047"]

1.Nf3 d5 2.c4 e6 3.b3 Nf6 4.g3 c6 5.Bg2 Bd6 6.O-O O-O 7.Bb2 Nbd7 8.d4 Ne4
9.Nfd2 Nxd2 10.Nxd2 f5 11.e3 Nf6 12.f3 Bd7 13.e4 dxe4 14.fxe4 Ng4 15.Qe2 Qg5
16.e5 Bb4 17.Nf3 Qe3+ 18.Qxe3 Nxe3 19.Rf2 Nxg2 20.Kxg2 h6 21.a3 Ba5 22.Rd1 Rad8
23.Re2 Rfe8 24.b4 Bb6 25.Ne1 Bc8 26.Bc3 g6 27.a4 Kf7 28.a5 Bc7 29.h3 Kg8
30.g4 Kh7 31.gxf5 gxf5 32.Nd3 Rg8+ 33.Kf3 Rd7 34.Nf4 Rf7 35.d5 cxd5 36.cxd5 exd5
37.e6 Re7  1-0

[Event "Baku Open 2013"]
[Site "Baku AZE"]
[Date "2013.09.23"]
[Round "5.23"]
[White "Noroozi,O"]
[Black "Mammadov,Z"]
[Result "0-1"]
[WhiteElo "2385"]
[BlackElo "2436"]

1.Nf3 d5 2.c4 c6 3.e3 Nf6 4.Nc3 Bf5 5.cxd5 cxd5 6.Qb3 Bc8 7.d4 Nc6 8.Ne5 e6
9.Bb5 Bd7 10.Bd2 Bd6 11.f4 O-O 12.Bd3 Na5 13.Qd1 Rc8 14.O-O Nc4 15.Bc1 Bb4
16.Ne2 Nd6 17.Ng3 Nde4 18.Qb3 a5 19.a3 Bd6 20.Nxe4 Nxe4 21.Qxb7 Ba4 22.Bxe4 dxe4
23.Qxe4 Bc2 24.Qf3 f5 25.Rf2 Bxe5 26.fxe5 Qb6 27.b4 axb4 28.axb4 Qxb4 29.Ba3 Qa4
30.Rff1 Rf7 31.Bc5 Qe8 32.Ra2 Be4 33.Qf2 Rb7 34.Rb2 Rcb8 35.Rxb7 Rxb7 36.Bd6 Rb3
37.Rc1 h6 38.h3 Qg6 39.Rc8+ Kh7 40.Rc7 f4 41.Bf8 fxe3 42.Qe2 Qf5 43.Rxg7+ Kh8
44.Rg4 h5 45.Rh4 Kg8 46.Bb4 Rb1+ 47.Be1 Qg6 48.g4 Qg5 49.Qf1 Bd3 50.Qxd3 Rxe1+
51.Kg2 Qxh4 52.Qg6+ Kf8 53.Qh6+ Ke7 54.Qg7+ Ke8 55.Qg6+ Kd7 56.Qh7+ Qe7 57.Qd3 Qb4
58.Qh7+ Kc6  0-1

[Event "63rd TCh-BUL GpB 2013"]
[Site "Sunny Beach BUL"]
[Date "2013.09.23"]
[Round "7.6"]
[White "Gospodinov,G"]
[Black "Petrov,Valeri"]
[Result "1-0"]
[WhiteElo "2012"]
[BlackElo "1980"]

1.Nf3 d5 2.c4 e6 3.g3 Nf6 4.Bg2 c6 5.b3 Bd6 6.Bb2 Nbd7 7.O-O O-O 8.d4 Ne4
9.Nbd2 f5 10.e3 Ndf6 11.Ne5 Nxd2 12.Qxd2 Bxe5 13.dxe5 Ng4 14.Rad1 Qc7 15.Qc3 Qf7
16.h3 Nh6 17.b4 Bd7 18.a4 g5 19.Rd3 Rac8 20.Qd4 a6 21.Rc1 f4 22.e4 dxc4 23.Rxc4 Be8
24.b5 axb5 25.axb5 Qg6 26.Qb6 Rf7 27.Rd6 Re7 28.Bf1 Nf7 29.Rd2 Qg7 30.Rc5 h5  1-0

[Event "9th Highlands Open"]
[Site "Trebic CZE"]
[Date "2013.09.24"]
[Round "5"]
[White "Dvorak,Li"]
[Black "Mezlik,Stanislav"]
[Result "0-1"]
[WhiteElo "2079"]
[BlackElo "1855"]

1.Nf3 d5 2.c4 c6 3.g3 Nf6 4.Bg2 e6 5.b3 Bd6 6.Bb2 O-O 7.O-O Nbd7 8.d3 b6
9.Nbd2 Bb7 10.e4 dxe4 11.Nxe4 Be7 12.Ne5 Qc7 13.Nxd7 Nxd7 14.f4 Rae8 15.f5 e5
16.f6 Nxf6 17.Nxf6+ Bxf6 18.Rxf6 gxf6 19.Qg4+ Kh8 20.Qf5 Bc8 21.Qxf6+ Kg8
22.Be4 Re6 23.Qg5+ Kh8 24.Rf1 f6 25.Qh4 Qe7 26.Bf5 Rd6 27.Bxe5 Bxf5 28.Bxd6 Qxd6
29.Rxf5 Qxd3 30.Rxf6 Qb1+ 31.Kg2 Qb2+  0-1

[Event "UKR-POL Academic Teams"]
[Site "Lviv UKR"]
[Date "2013.09.26"]
[Round "2"]
[White "Demidiukov,E"]
[Black "Kosiorek,P"]
[Result "1/2-1/2"]
[WhiteElo "2277"]
[BlackElo "1973"]

1.Nf3 d5 2.c4 d4 3.e3 c5 4.b4 Bg4 5.h3 Bxf3 6.Qxf3 Nc6 7.bxc5 e5 8.Ba3 Nf6
9.Be2 g6 10.O-O Bg7 11.e4 O-O 12.d3 Qa5 13.Bd1 Nd7 14.Qe2 Nxc5 15.Qd2 Qxd2
16.Nxd2 Nxd3 17.Bxf8 Bxf8 18.Ba4 Na5 19.Bb3 Bh6 20.Nf3 f6 21.Rab1 Nc5  1/2-1/2

[Event "9th Highlands Open"]
[Site "Trebic CZE"]
[Date "2013.09.26"]
[Round "7"]
[White "Cieslak,L"]
[Black "Liduch,F"]
[Result "1-0"]
[WhiteElo "1993"]
[BlackElo "1860"]

1.Nf3 d5 2.c4 e6 3.g3 Nf6 4.Bg2 Be7 5.O-O O-O 6.d3 c6 7.b3 Nbd7 8.Bb2 b6
9.Nbd2 Bb7 10.e4 dxe4 11.dxe4 Nc5 12.e5 Nfe4 13.Nxe4 Nxe4 14.Nd4 Nc5 15.Nxc6 Bxc6
16.Bxc6 Rc8 17.Bg2 Nd3 18.Bc3 b5 19.Qe2 bxc4 20.Rad1 Qc7 21.bxc4 Nc5 22.Bd4 Rfd8
23.Qe3 h6 24.Kh1 Rd7 25.f4 Rcd8 26.f5 Bf8 27.f6 g6 28.Rf4 Kh7 29.Rh4 Rc8
30.Rf1 Qd8 31.Rhf4 Rdc7 32.Bf3 Qd7 33.Rh4 Rd8 34.Rd1 Qa4 35.Qe2 a5 36.Rb1 Qd7
37.Qe3 Qa4 38.Be2 Qc6+ 39.Kg1 Rb7 40.Rb5 Rc8 41.Bf3 Qc7 42.Bxb7 Nxb7 43.Bb6 Qc6
44.Rd4 Kg8 45.Qe4  1-0

[Event "TCh-BEL 2013-14"]
[Site "Belgium BEL"]
[Date "2013.09.29"]
[Round "2.5"]
[White "Roeder,M"]
[Black "Van der Stricht,G"]
[Result "1/2-1/2"]
[WhiteElo "2412"]
[BlackElo "2371"]

1.Nf3 d5 2.c4 c6 3.e3 Nf6 4.Nc3 Bg4 5.Qb3 Qb6 6.Qxb6 axb6 7.cxd5 Bxf3 8.gxf3 Nxd5
9.Nxd5 cxd5 10.d4 e6 11.Bd2 Nc6 12.Bb5 Bd6 13.Ke2 Ke7 14.Rhc1 Rhc8 15.h3 e5
16.dxe5 Bxe5 17.Rcb1 g6 18.f4 Bg7 19.Bd3 f5 20.Bc3 d4 21.Bd2 Kf8 22.a4 Bf6
23.Ra3 Na5 24.b3 dxe3 25.fxe3 Bc3 26.Ra2 Bxd2 27.Kxd2 Rd8 28.Ke2 Rd6 29.Rd2 Rad8
30.Rdd1 Rc8 31.b4 Nc6 32.Bb5 Rxd1 33.Rxd1 Ke7 34.h4 Rc7 35.Rb1 Na7 36.Bd3 Rc3
37.h5 Nc6 38.hxg6 hxg6 39.Bb5 Ra3 40.Kd2 Kd6 41.Bxc6 bxc6 42.Rg1 Rxa4 43.Rxg6+ Kd5
44.b5 cxb5  1/2-1/2

[Event "4th Biella Open A 2013"]
[Site "Biella ITA"]
[Date "2013.09.29"]
[Round "5.7"]
[White "Sorcinelli,F"]
[Black "Rey,Fa"]
[Result "1-0"]
[WhiteElo "2197"]
[BlackElo "2156"]

1.Nf3 d5 2.c4 e6 3.g3 dxc4 4.Qa4+ Nd7 5.Qxc4 a6 6.Bg2 b5 7.Qc2 Bb7 8.O-O Ngf6
9.a4 Bd6 10.b3 O-O 11.Bb2 c5 12.axb5 axb5 13.Rxa8 Bxa8 14.Na3 Qb6 15.Qd3 Rb8
16.Nxb5 Bxg3 17.hxg3 Be4 18.Qd6 Qxb5 19.d3 Bd5 20.Nd2 Bxb3 21.Bxf6 gxf6 22.Rb1 Rb6
23.Qc7 Qa5 24.Qxd7 Kg7 25.Rxb3 Qa1+ 26.Kh2 Ra6 27.Rb7  1-0

[Event "ch-GER Rapid 2013"]
[Site "Gladenbach GER"]
[Date "2013.09.29"]
[Round "9.6"]
[White "Panzalovic,S"]
[Black "Spiess,Gu"]
[Result "0-1"]
[WhiteElo "2459"]
[BlackElo "2429"]

1.Nf3 d5 2.c4 c6 3.e3 Nf6 4.Nc3 a6 5.b3 Bf5 6.Bb2 Nbd7 7.cxd5 cxd5 8.d4 e6
9.Bd3 Ne4 10.O-O Bd6 11.Ne2 Qb8 12.Ng3 Bg6 13.Qc2 Nxg3 14.hxg3 O-O 15.Bxg6 hxg6
16.e4 Qc8 17.Qe2 Qc6 18.e5 Be7 19.Rfc1 Qb6 20.Rc2 Rfc8 21.Rac1 Qd8 22.g4 Nb6
23.g3 Rxc2 24.Rxc2 Rc8 25.Kg2 Rxc2 26.Qxc2 Qc8 27.Qxc8+ Nxc8 28.Ne1 Na7 29.Kf3 Nc6
30.Ke3 b5 31.f4 Kf8 32.a3 Na5 33.Bc3 Nxb3 34.Kd3 a5 35.Kc2 a4 36.Kb2 Bd8
37.Nd3 Bb6  0-1

[Event "St Petersburg Rapid Cup 2013"]
[Site "St Petersburg RUS"]
[Date "2013.09.29"]
[Round "3.2"]
[White "Lintchevski,D"]
[Black "Rusanov,M"]
[Result "1/2-1/2"]
[WhiteElo "2526"]
[BlackElo "2440"]

1.Nf3 d5 2.c4 c6 3.d4 e6 4.cxd5 cxd5 5.Nc3 Nc6 6.Bf4 Nf6 7.e3 Be7 8.Bd3 O-O
9.O-O Nh5 10.Bg3 f5 11.Ne5 Nxg3 12.Nxc6 bxc6 13.hxg3 c5 14.dxc5 Bxc5 15.Rc1 Rb8
16.Qe2 Qa5 17.a3 Be7 18.Nb5 Bf6 19.b4 Qb6 20.a4 a5 21.Qd2  1/2-1/2

[Event "Vasteras Open 2013"]
[Site "Vasteras SWE"]
[Date "2013.09.29"]
[Round "8.3"]
[White "Blomqvist,E"]
[Black "Livner,A"]
[Result "1-0"]
[WhiteElo "2505"]
[BlackElo "2324"]

1.Nf3 d5 2.c4 c6 3.e3 Nf6 4.Nc3 e6 5.b3 Nbd7 6.Bb2 Bd6 7.Qc2 a6 8.d4 O-O
9.Be2 e5 10.cxd5 cxd5 11.dxe5 Nxe5 12.Rd1 Nc6 13.O-O h6 14.h3 Be6 15.e4 dxe4
16.Nxe4 Nxe4 17.Qxe4 Qe7 18.Rfe1 Ba3 19.Bd3 g6 20.Ba1 Qb4 21.Qe3 Kh7 22.Ng5+ hxg5
23.Qxg5 Rad8 24.Qh5+  1-0

[Event "23rd EYCC Girls U18 2013"]
[Site "Budva MNE"]
[Date "2013.09.30"]
[Round "2.10"]
[White "Usoltseva,P"]
[Black "Bivol,A"]
[Result "1/2-1/2"]
[WhiteElo "1862"]
[BlackElo "2241"]

1.Nf3 d5 2.c4 c6 3.e3 Nf6 4.Nc3 g6 5.Be2 Bg7 6.O-O O-O 7.b3 Ne4 8.Bb2 Nxc3
9.Bxc3 f6 10.d4 Be6 11.c5 Nd7 12.Qd2 Bg4 13.Qb2 e5 14.dxe5 fxe5 15.b4 Qe7
16.h3 Bxf3 17.Bxf3 Rxf3 18.gxf3 Rf8 19.f4 d4 20.exd4 Rxf4 21.dxe5 Qg5+ 22.Kh1 Rf3
23.Qb3+ Kh8 24.Qe6 Nf8 25.Qg4 Qxg4 26.hxg4 Rxc3 27.Rfe1 Ne6 28.Rad1 Kg8 29.Rd6 Kf7
30.Rd7+ Kf8 31.Rxb7 Ra3 32.f4 Rh3+ 33.Kg1 Rg3+ 34.Kh1 Rh3+ 35.Kg1 Rg3+ 36.Kh1 Rh3+
37.Kg1 Rg3+ 38.Kh1 Rh3+ 39.Kg1 Rg3+ 40.Kh1 Rh3+  1/2-1/2